000 00603nam a2200193 i 4500
001 36279
003 ES-MaACL
005 20230906155334.0
007 t|
008 030217s1969 mx ||||1| spa d
100 1 _aBrinker, Russell C.
_931758
245 1 0 _aTopografía elemental /
_cRussell C. Brinker, Warren C. Taylor ; [traducido por José Luis Lope].
250 _a[4ª ed.].
260 _aMéxico :
_bPax-México,
_c[1969]
300 _aXVI, 686 p. :
_bil. ;
_c22 cm.
700 1 _aTaylor, William Cooke.
_9150714
700 1 _aLope, José Luis.
_973274
852 _aES-MaACL
_jE-9241
_bR.93606
999 _c36279
_d36279